Tratado de las vírgenes /

Gardado en:
Detalles Bibliográficos
Autor Principal: Ambrosio, Santo (autor)
Outros autores: Glinka, Luis (revisión) (revisión)
Formato: Libro
Idioma:Lingua castelá
Publicado: Buenos Aires, Argentina : Lumen, 1989, c1989
Series:(Ichthys ; 22)
Temas:
Etiquetas: Engadir etiqueta
Sen Etiquetas, Sexa o primeiro en etiquetar este rexistro!

MARC

LEADER 00000nam^a2200000^a^4500
001 000319572
005 20250623000000.0
009 20260310113446.443
020 |a 950-9017-01-9 
025 |a Donación Carlos Orozco Pointelín, 1 ejemplar 
037 |a Acervo ITESO - Biblioteca 
041 |a ESP 
082 |a 248. 47  |b AMB 
100 |a Ambrosio,  |c Santo  |e (autor) 
245 1 0 |a Tratado de las vírgenes /  |c Ambrosio ; rev. de L. Glinka. 
264 4 |a Buenos Aires, Argentina :  |b Lumen,  |c 1989, c1989 
300 |a 121 p. 
336 |a texto  |b txt  |2 rdacontenido 
337 |a sin mediación  |b n  |2 rdamedio 
338 |a volumen  |b nc  |2 rdasoporte 
440 1 |a (Ichthys ;  |v 22) 
649 |a XX 
650 |a Virginidad -  |x Tema Principal 
650 |a Castidad -  |x Tema Principal 
650 |a Ascetismo 
650 |a Vida Cristiana 
650 |a Catolicismo 
650 |a Cristianismo 
650 |a Religión 
700 |a Glinka, Luis  |e (revisión) 
910 |a Fondo General 
920 |a Impresos - Libros 
930 |a Colección General 
905 |a 101 
901 |a 0500206979  |b IT1  |c ACC  |d DT  |i D  |u 20250623 
902 |a https://opac.biblio.iteso.mx/vufind/Record/000319572